Geology of the southern Himalaya in Hazara, Pakistan, and adjacent areas /

Bibliographic Details
Corporate Author: Geological Survey of Pakistan
Other Authors: Calkins, James Alfred, 1923-
Format: Government Document Book
Language:English
Published: Washington : U.S. Govt. Print. Off, 1975.
Series:Geological investigations in Pakistan.
Geological Survey professional paper ; 716-C.
Subjects:

MARC

Tag First Indicator Second Indicator Subfields
LEADER 00000cam a2200000 i 4500
001 in00002782731
005 20150922150837.0
008 760910s1975 dcuab b f000 0 eng
010 |a  73600261  
019 |a 2540622 
035 |a (OCoLC)ocm01469740 
035 |a (OCoLC)1469740  |z (OCoLC)2540622 
040 |a DLC  |b eng  |c DLC  |d BTCTA  |d OCLCG  |d UtOrBLW 
043 |a a-pk--- 
049 |a TXAM 
050 0 0 |a QE295.4  |b .G48 
082 0 0 |a 555.49/122 
086 0 |a I 19.16:716-C 
245 0 0 |a Geology of the southern Himalaya in Hazara, Pakistan, and adjacent areas /  |c by James A. Calkins [and others] ; prepared in cooperation with the Geological Survey of Pakistan, under the auspices of the Government of Pakistan and the Agency for International Development, U.S. Department of State. 
264 1 |a Washington :  |b U.S. Govt. Print. Off,  |c 1975. 
300 |a v, 29 pages :  |b illustrations, maps (6 folded color in pocket) ;  |c 29 cm. 
336 |a text  |b txt  |2 rdacontent 
337 |a unmediated  |b n  |2 rdamedia 
338 |a volume  |b nc  |2 rdacarrier 
490 1 |a Geological investigations in Pakistan 
490 1 |a Geological Survey professional paper ; 716-C 
504 |a Bibliography: pages 28-29. 
650 0 |a Geology  |z Pakistan  |z Hazāra. 
650 0 |a Geology  |z Kashmir. 
700 1 |a Calkins, James Alfred,  |d 1923- 
710 2 |a Geological Survey of Pakistan. 
830 0 |a Geological investigations in Pakistan. 
830 0 |a Geological Survey professional paper ;  |v 716-C. 
948 |a cataloged  |b h  |c 2012/11/27  |d c  |e mvaldespin  |f 10:35:33 am 
994 |a C0  |b TXA 
999 |a MARS 
999 f f |s dc5cf72a-d813-3322-a46c-de35c8cd77c9  |i 552ae0b9-5c06-3d62-9b07-3c59ec6031b8  |t 0 
952 f f |p normal  |a Texas A&M University  |b College Station  |c Sterling C. Evans Library  |d Evans: US Documents (Annex 5th floor)  |t 0  |e I 19.16:716-C  |h Superintendent of Documents classification  |i unmediated -- volume  |m A14839369438 
998 f f |a I 19.16:716-C  |t 0  |l Evans: US Documents (Annex 5th floor)